| 000 | nam a22 7a 4500 | ||
|---|---|---|---|
| 999 |
_c332227 _d332227 |
||
| 003 | NUST | ||
| 005 | 20171120123558.0 | ||
| 008 | 171120b xxu||||| |||| 00| 0 eng d | ||
| 040 | _c0 | ||
| 082 | _a954.035 MAL | ||
| 100 |
_aMalik,Dr Nadeed Shafiq _96572 |
||
| 245 |
_aAllama Iqbal kay Chand Nadar-o-Nayab Khotoot (urdu Title) _cDr Nadeem Shafiq Malik |
||
| 260 |
_aLahore _bFiction House _c2015 |
||
| 300 | _a384p. | ||
| 500 | _aH.B | ||
| 942 |
_2ddc _cBK _kIESE |
||